A Szerelvény Szakáruház fejlesztéseinek illetve fejlődéseinek lehetősége

Bibliográfiai részletek
Szerző: Nagy Richárd György
További közreműködők: Németh Dr. Patrícia
Dokumentumtípus: Diplomadolgozat
Kulcsszavak:Szerelvény Szakáruház
Kereskedelmi egység fejlesztése
Szerelvény Szakáruház fejlesztése
Kereskedelmi egység fejlődésének lehetőségei
Fejlődési lehetőségek
Online Access:http://dolgozattar.uni-bge.hu/14988

MARC

LEADER 00000nta a2200000 i 4500
001 dolg14988
005 20180927161827.0
008 180426suuuu hu om 000 hun d
040 |a BGE Dolgozattár Repozitórium  |b hun 
041 |a hu 
100 1 |a Nagy Richárd György 
245 1 2 |a A Szerelvény Szakáruház fejlesztéseinek illetve fejlődéseinek lehetősége  |c Nagy Richárd György  |h [elektronikus dokumentum] 
246 1 1 |a A Szerelvény Szakáruház fejlesztéseinek illetve fejlődéseinek lehetősége 
695 |a Szerelvény Szakáruház 
695 |a Kereskedelmi egység fejlesztése 
695 |a Szerelvény Szakáruház fejlesztése 
695 |a Kereskedelmi egység fejlődésének lehetőségei 
695 |a Fejlődési lehetőségek 
700 1 |a Németh Dr. Patrícia  |e ths 
856 4 0 |u http://dolgozattar.uni-bge.hu/14988/1/Szerelv%C3%A9nySz_Nagy_Rich%C3%A1rd_GY_repo.pdf  |z Dokumentum-elérés